| 000 | 02263cam a22004694i 4500 | ||
|---|---|---|---|
| 003 | PE-LiUPU | ||
| 005 | 20250731165515.0 | ||
| 008 | 150623s1993 sp a r 000 0 spa d | ||
| 035 | _a(Sirsi) a24916 | ||
| 040 |
_aPE-LiUPU _bspa _cPE-LiUPU _erda |
||
| 082 | 0 | 4 |
_a070.430941 _bY74 _221 |
| 100 | 1 |
_aYorke, Ivor, _eautor. |
|
| 245 | 1 | 0 |
_aPrincipios básicos del reportaje televisivo / _cIvor Yorke. |
| 264 | 1 |
_aMadrid : _bInstituto Oficial de Radio Televisión Española, _c1993. |
|
| 300 |
_a166 páginas : _bilustraciones ; _c24 centímetros |
||
| 336 |
_atext _2rdacontent |
||
| 337 |
_aunmediated _2rdamedia |
||
| 338 |
_avolume _2rdacarrier |
||
| 490 | 0 | _aManuales profesionales | |
| 500 | _aGlosario (A-U). | ||
| 505 | 0 | _aTareas de un reportero -- Un lugar en el hormiguero -- Lo que hace un buen reportero -- El reportero como director -- Valorando las noticias -- Conocimiento de la televisión -- Planificando la misión informativa -- Fuentes -- Utilizando tus contactos -- Siete días para tu periodo de formación -- Desarrolla lo mejor de tu talento -- Un vestuario apropiado -- La importancia de la voz -- Hablar con claridad -- Un amigo en la audiencia -- Como escribir para televisión -- Un lenguaje correcto -- Evita las ofensas innecesarias -- Trata de ser comprendido -- Palabras e imágenes -- Utiliza la escaleta de los planos -- El equipo de filmación -- Los miembros del equipo de filmación. | |
| 526 | _aSEG44 | ||
| 526 | _aSEG26 | ||
| 526 | _aP151 | ||
| 526 | _aP150 | ||
| 526 | _aP149 | ||
| 526 | _aP146 | ||
| 526 | _aP145 | ||
| 526 | _aP126 | ||
| 526 | _aP125 | ||
| 526 | _aP92 | ||
| 526 | _aP75 | ||
| 526 | _aP74 | ||
| 526 | _aP27 | ||
| 526 | _aP15 | ||
| 650 | 0 | 4 | _aReportajes por televisión. |
| 942 |
_2ddc _cBOOK |
||
| 949 |
_a070.430941 Y74 _wDEWEY _c1 _i49316 _lCCODEBUL1 _mBUL _p00.00 _r0 _sY _tBOOK _u2015-06-24 _xEDUCACION _zUNKNOWN _0COMPRA _o.STAFF. Colección Ciencias Humanas y Educación |
||
| 596 | _a1 | ||
| 999 |
_a070.430941 Y74 _wDEWEY _c28748 _i49316 _d28748 _e2016-6-14 _f2021-11-30 _g6 _lCCODEBUL1 _mBUL _n1 _p18.00 _r0 _sY _tBOOK _u2015-6-24 _xEDUCACION _zUNKNOWN _0COMPRA _o.STAFF. Colección Ciencias Humanas y Educación |
||
| 980 |
_81 _gALBERTO SANCHEZ Responsable de Automatización |
||